|
|
|
|
| LEADER |
00709nam a22002057a 4500 |
| 020 |
|
|
|a 0-07-048686-7
|
| 082 |
|
|
|a 658.15
|b ROS/F
|
| 100 |
|
|
|a Stephen A.ross
|9 172057
|
| 100 |
|
|
|a Randolph W.westerfield
|9 172058
|
| 100 |
|
|
|a Bradford D.jordan
|9 172059
|
| 245 |
|
|
|a Fundamentals of corporate finance
|
| 250 |
|
|
|a Ed.6
|
| 260 |
|
|
|a New delhi
|b Tata mcgraw hill publishing company
|c 2002
|
| 300 |
|
|
|a xxxi+776p.
|
| 650 |
|
|
|a Corporations--Finance
|9 172060
|
| 650 |
|
|
|a Financial statements
|9 172061
|
| 650 |
|
|
|a Australia
|9 172062
|
| 942 |
|
|
|c BK
|
| 999 |
|
|
|c 189082
|d 189078
|
| 952 |
|
|
|0 0
|1 0
|4 0
|6 658_150000000000000_ROS_F
|7 0
|8 NFIC
|9 189282
|a SMBS
|b SMBS
|c GEN
|d 2015-07-28
|l 0
|o 658.15 ROS/F
|p SMBSR763
|r 2015-07-28
|w 2019-10-16
|y REF
|